000 00597nam a2200181Ia 4500
008 151202s9999||||xx |||||||||||||| ||und||
082 _bPNVM-62214
100 _aपोरे सुरेश.
245 _aउन्हातील चांदणे.
260 _bश्रीपाद प्रकाशन पुणे.
260 _c62213
300 _a189
600 _aपोरे सुरेश.
630 _aउन्हातील चांदणे.
700 _aपोरे सुरेश.
730 _aउन्हातील चांदणे.
942 _cBOOK
999 _c1328748
_d1328745